Loading...
| Auditory Arts | 2 | 1 | 0 | 0 | 40 | 58 | 69.00 | 1 | 3 | 16.07 | 17.78 |
| Literature - European | 1 | 3 | 1 | 1 | 40 | 54 | 93.50 | 0 | 2 | 14.70 | 20.00 |
| Literature - World | 2 | 1 | 1 | 1 | 35 | 57 | 73.00 | 1 | 3 | 16.65 | 26.67 |
| History - World | 0 | 2 | 0 | 2 | 20 | 108 | 112.00 | 0 | 1 | 0.82 | 9.44 |
| Literature - American | 0 | 3 | 2 | 1 | 20 | 77 | 103.33 | 0 | 2 | 10.37 | 13.33 |
| Fine Arts - Other Arts | 0 | 1 | 0 | 0 | 10 | 114 | 114.00 | 0 | 1 | 1.52 | 6.67 |
| Philosophy | 0 | 1 | 0 | 1 | 10 | 134 | 134.00 | 0 | 1 | 0.08 | 2.22 |
| History - American | 0 | 1 | 0 | 0 | 10 | 91 | 91.00 | 0 | 0 | 3.68 | 2.22 |
| Science - Physics | 0 | 1 | 1 | 0 | 5 | 105 | 105.00 | 0 | 0 | 1.85 | 2.22 |
| Science - Other | 0 | 1 | 1 | 0 | 5 | 75 | 75.00 | 0 | 0 | 4.60 | 4.44 |
| Social Science | 0 | 1 | 1 | 0 | 5 | 79 | 79.00 | 0 | 1 | 1.88 | 4.00 |
| Literature - British | 0 | 1 | 1 | 0 | 5 | 93 | 93.00 | 0 | 0 | 4.22 | 2.22 |
| Science - Chemistry | 0 | 0 | 1 | 0 | -5 | 0.00 | 0 | 0 | 0.00 | 0.00 |